000 00289nam a2200109Ia 4500
001 588683
005 20250717120836.0
008 250717s9999 xx 000 0 und d
245 0 _aY-2 ÇOCUKLAR İÇİN NUTUK
_cMUSTAFA KEMAL ATATÜRK
260 _bYEDİVEREN YAYINLARI
_c2019
300 _b325
999 _c588683
_d588683